|
|
|
|
| LEADER |
01208nam a2200241 a 4500 |
| 001 |
GR-MES1080 |
| 008 |
991111s1983 gr 000 0 gre d |
| 040 |
|
|
|a GrPaTEI
|b gre
|c GR-PaULI
|
| 245 |
0 |
0 |
|a Οργάνωση και διοίκηση :
|b Μια συστηματική και ενδεχομενική ανάλυση των διοικητικών λειτουργιών
|n 3ος.
|
| 260 |
|
|
|a [χ.τ.] :
|b Παπαζήσης,
|c 1983
|
| 300 |
|
|
|a 392σελ. :
|b πιν.
|
| 650 |
|
0 |
|a MANATZMENT
|
| 650 |
|
4 |
|a ΔΙΟΙΚΗΣΗ
|
| 650 |
|
4 |
|a ΟΡΓΑΝΩΣΗ
|
| 700 |
1 |
|
|a Koontz, Harold,
|d 1908-
|
| 700 |
1 |
|
|a O'Donnell, Cyril,
|d 1900-
|
| 700 |
1 |
|
|a Βαρδάκος, Χρήστος Δ.
|
| 700 |
1 |
|
|a Ζευγαρίδης, Σπύρος.
|
| 942 |
|
|
|2 ddc
|
| 952 |
|
|
|0 0
|1 0
|2 ddc
|4 0
|6 658_000000000000000_KOO
|7 0
|9 264930
|a MSLG
|b MSLG
|c BSC
|d 2021-01-17
|e 24
|f 0
|g 0.00
|l 0
|o 658 KOO
|p 2420000005202
|r 2021-01-17 00:00:00
|t 1
|w 2021-01-17
|y BK15
|x 19991111 0 1
|x GrPaTEI
|
| 952 |
|
|
|0 0
|1 0
|2 ddc
|4 0
|6 658_000000000000000_KOO
|7 0
|9 264931
|a MSLG
|b MSLG
|c BSC
|d 2021-01-17
|e 24
|f 0
|g 0.00
|l 0
|o 658 KOO
|p 2420000010426
|r 2021-01-17 00:00:00
|t 1
|w 2021-01-17
|y BK15
|x 19991111 0 1
|x GrPaTEI
|
| 971 |
|
|
|a .b25721227
|b 16-04-20
|c 13-09-16
|
| 999 |
|
|
|c 152358
|d 152358
|